000 00795nam a2200265Ia 4500
003 OSt
005 20220918111857.0
006 a|||||r|||| 00| 0
007 ta
008 220915b |||||||| |||| 00| 0 eng d
024 _a248565
037 _cTextbook
040 _beng
_aARTS
_cARTS
041 _aeng
082 _aJ:4, E8
100 _aMaxwell-Lefroy H.
_910865
245 0 _aInsecticides: Mixtures and recipes for use against insectd in the field, the orchard, the garden and the house
250 _a2nd rev.
260 _aCalcutta
_bSupretendendent Government Printing India
300 _a36p.
_ccm.
490 _aAgricultural research institute, Pusa
650 _aAGRICULTURE
_927
942 _hJ:4, E8
_cTB
_2CC
999 _c116919
_d116919